1519 1796 1022 1825 1659 1274 1655 1316 1811 1975 1328 1376 1907 1852 1186 1249 1800 1019 1461 1473 1399 1776 1889 1333 1151 1831 1650 1878 1045 1791 1426 1938 1085 1047 1801 1668 1268 1254 1535 1856 1895 1166 1894 1100 1773 1170 1932 1425 1065 1565 1994 1066 1676 1418 1908 1898 1962 1346 1107 1795 1338 1080 1073 1288 1979 1004 1084 1233 1391 1972 1926 1100 1933 1743 1894 1921 1503 1503 1507 1715 1643 1456 1791 1488 1341 1480 1328 1154 1026 1301 1434 1152 1223 1514 1445 1215 1949 1817 1361 BCNSPRNW ULIB Ver.6.0+V

เปลี่ยนเป็นภาษาไทย

Change to English
 แสดงรายละเอียดบรรณานุกรม
  กลับหน้าหลัก

Brief Record : Get Marc (ISO 2709) : E-mail record : QR code < ปิดหน้าต่าง
LEADER : 00000nam a2200000Ia 4500
001    13399128301
003     ULIB
008    170206s2559 th a 001 0 tha d
020    ^a9786168010150
040    ^abpy
060 04 ^aQZ4^bอ335พ
100 0  ^aอรพินท์ สีขาว
245 10 ^aพยาธิสรีรวิทยา :^bสำหรับนักศึกษาพยาบาลและวิทยาศาสตร์สุขภาพ /^cอรพินท์ สีขาว
250    ^aพิมพ์ครั้งที่ 6
260    ^aสมุทรปราการ :^bโครงการสำนักพิมพ์มหาวิทยาลัยหัวเฉียวเฉลิมพระเกียรติ,^c2565
300    ^aก-ฉ, 589 หน้า :^bภาพประกอบ ;^c30 ซม.
504    ^aมีบรรณานุกรมและดัชนี
536    ^aตำราเล่มนี้ได้รับทุนอุดหนุนจากมหาวิทยาลัยหัวเฉียวเฉลิมพระเกียรติโครงการสำนักพิมพ์มหาวิทยาลัยหัวเฉียวเฉลิมพระเกียรติ
650  2 ^aNursing
650  2 ^aPhysiology
650  2 ^aHeredity
650  4 ^aการพยาบาล
650  4 ^aสรีรวิทยา
650  4 ^aพันธุกรรม
710 2  ^aโครงการสำนักพิมพ์มหาวิทยาลัยหัวเฉียวเฉลิมพระเกียรติ
710 2  ^aมหาวิทยาลัยหัวเฉียวเฉลิมพระเกียรติ.^bคณะพยาบาลศาสตร์
910    ^aSend to UC
945    ^p280^l0^i29506
945    ^p280^l0^i29507
945    ^p280^l0^i29508
945    ^p280^l0^i29509
945    ^p280^l0^i29510
945    ^p280^l0^i29511
945    ^p280^l0^i29512
945    ^p280^l0^i29513
945    ^p280^l0^i29514
945    ^p280^l0^i29515
995    ^aกัณชพร จุลอักษร
999    ^aกัณชพร
รายการนี้ยังไม่มีแท็ก
คุณยังไม่ได้ล็อกอิน คุณสามารถมีกิจกรรมร่วมกับเว็บไซต์ได้ แต่ต้องล็อกอินก่อน ::
  ล็อกอิน

รายการสื่อสารสนเทศ

ลำดับที่ ประเภท เลขเรียก/บาร์โค้ด สถานที่ สถานะ
1. วิทยาศาสตร์การแพทย์ และสุขภาพ
วิทยาศาสตร์การแพทย์ และสุขภาพ
QZ4 อ335พ ฉ.1 
  Barcode: 29506
ห้องสมุดวิทยาเขตนครสวรรค์
►หนังสือทั่วไป:l:General Books
บนชั้น
2. วิทยาศาสตร์การแพทย์ และสุขภาพ
วิทยาศาสตร์การแพทย์ และสุขภาพ
QZ4 อ335พ ฉ.10 
  Barcode: 29515
ห้องสมุดวิทยาเขตนครสวรรค์
►หนังสือทั่วไป:l:General Books
ถูกยืม กำหนดส่งวันที่ 23 มีนาคม 2569
  จอง
3. วิทยาศาสตร์การแพทย์ และสุขภาพ
วิทยาศาสตร์การแพทย์ และสุขภาพ
QZ4 อ335พ ฉ.2 
  Barcode: 29507
ห้องสมุดวิทยาเขตนครสวรรค์
►หนังสือทั่วไป:l:General Books
บนชั้น
4. วิทยาศาสตร์การแพทย์ และสุขภาพ
วิทยาศาสตร์การแพทย์ และสุขภาพ
QZ4 อ335พ ฉ.3 
  Barcode: 29508
ห้องสมุดวิทยาเขตนครสวรรค์
►หนังสือทั่วไป:l:General Books
บนชั้น
5. วิทยาศาสตร์การแพทย์ และสุขภาพ
วิทยาศาสตร์การแพทย์ และสุขภาพ
QZ4 อ335พ ฉ.4 
  Barcode: 29509
ห้องสมุดวิทยาเขตนครสวรรค์
►หนังสือทั่วไป:l:General Books
ถูกยืม กำหนดส่งวันที่ 13 พฤษภาคม 2569
  จอง
6. วิทยาศาสตร์การแพทย์ และสุขภาพ
วิทยาศาสตร์การแพทย์ และสุขภาพ
QZ4 อ335พ ฉ.5 
  Barcode: 29510
ห้องสมุดวิทยาเขตนครสวรรค์
►หนังสือทั่วไป:l:General Books
บนชั้น
7. วิทยาศาสตร์การแพทย์ และสุขภาพ
วิทยาศาสตร์การแพทย์ และสุขภาพ
QZ4 อ335พ ฉ.6 
  Barcode: 29511
ห้องสมุดวิทยาเขตนครสวรรค์
►หนังสือทั่วไป:l:General Books
บนชั้น
8. วิทยาศาสตร์การแพทย์ และสุขภาพ
วิทยาศาสตร์การแพทย์ และสุขภาพ
QZ4 อ335พ ฉ.7 
  Barcode: 29512
ห้องสมุดวิทยาเขตนครสวรรค์
►หนังสือทั่วไป:l:General Books
บนชั้น
9. วิทยาศาสตร์การแพทย์ และสุขภาพ
วิทยาศาสตร์การแพทย์ และสุขภาพ
QZ4 อ335พ ฉ.8 
  Barcode: 29513
ห้องสมุดวิทยาเขตนครสวรรค์
►หนังสือทั่วไป:l:General Books
บนชั้น
10. วิทยาศาสตร์การแพทย์ และสุขภาพ
วิทยาศาสตร์การแพทย์ และสุขภาพ
QZ4 อ335พ ฉ.9 
  Barcode: 29514
ห้องสมุดวิทยาเขตนครสวรรค์
►หนังสือทั่วไป:l:General Books
ถูกยืม กำหนดส่งวันที่ 18 พฤษภาคม 2569
  จอง

รายการใกล้เคียง
    ผู้แต่ง [อรพินท์ สีขาว]

    หัวเรื่อง [Nursing]
    หัวเรื่อง [Physiology]
    หัวเรื่อง [Heredity]
    หัวเรื่อง [การพยาบาล]
    หัวเรื่อง [สรีรวิทยา]
    หัวเรื่อง [พันธุกรรม]

BibComment


ยังไม่เคยถูกคอมเมนท์

คอมเมนท์ทรัพยากรรายการนี้
  คอมเมนท์: พยาธิสรีรวิทยา ..


 Copyright 2026. Bcnsprnw @Library